UM Logo

A guide to child protection and case management : (Record no. 18640)

MARC details
000 -LEADER
fixed length control field 00567nam a22001577a 4500
008 - FIXED-LENGTH DATA ELEMENTS--GENERAL INFORMATION
fixed length control field 231219b ||||| |||| 00| 0 eng d
020 ## - INTERNATIONAL STANDARD BOOK NUMBER
International Standard Book Number 9781774690604
082 ## - DEWEY DECIMAL CLASSIFICATION NUMBER
Edition number 2022
Classification number DC 362.768
Item number M527
100 ## - MAIN ENTRY--PERSONAL NAME
Personal name Menon, Sudha.
9 (RLIN) 50537
245 ## - TITLE STATEMENT
Title A guide to child protection and case management :
Remainder of title roles of social work and social care /
Statement of responsibility, etc. Sudha Menon.
260 ## - PUBLICATION, DISTRIBUTION, ETC. (IMPRINT)
Place of publication, distribution, etc. Canada :
Name of publisher, distributor, etc. Society publishing,
Date of publication, distribution, etc. ©2022.
300 ## - PHYSICAL DESCRIPTION
Extent xvi, 227 pages :
Other physical details color illustrations ;
Dimensions 23.5 cm.
500 ## - GENERAL NOTE
General note Includes bibliography and index.
650 ## - SUBJECT ADDED ENTRY--TOPICAL TERM
Topical term or geographic name as entry element Child welfare.
9 (RLIN) 50538
942 ## - ADDED ENTRY ELEMENTS (KOHA)
Source of classification or shelving scheme Dewey Decimal Classification
Koha item type Circulation
Holdings
Withdrawn status Lost status Source of classification or shelving scheme Damaged status Not for loan Collection code Home library Current library Date acquired Source of acquisition Cost, normal purchase price Total Checkouts Full call number Barcode Date last seen Price effective from Koha item type
    Dewey Decimal Classification     Circulation UM Digos College - LIC UM Digos College - LIC 08/08/2023 Purchased 6375.00   DC 362.768 M527 2022 27596 05/15/2025 12/19/2023 Circulation